Fraud Examination (Record no. 16889)
[ view plain ]
| 000 -LEADER | |
|---|---|
| fixed length control field | 00425nam a22001577a 4500 |
| 008 - FIXED-LENGTH DATA ELEMENTS--GENERAL INFORMATION | |
| fixed length control field | 180629b xxu||||| |||| 00| 0 eng d |
| 020 ## - INTERNATIONAL STANDARD BOOK NUMBER | |
| International Standard Book Number | 0324661924 |
| 245 ## - TITLE STATEMENT | |
| Title | Fraud Examination |
| Statement of responsibility, etc. | edited by W. Steve Albrecht ...[et al.]. |
| 250 ## - EDITION STATEMENT | |
| Edition statement | 3rd. ed. |
| 260 ## - PUBLICATION, DISTRIBUTION, ETC. (IMPRINT) | |
| Place of publication, distribution, etc. | Australia |
| Name of publisher, distributor, etc. | South-western |
| Date of publication, distribution, etc. | 2009 |
| 300 ## - PHYSICAL DESCRIPTION | |
| Extent | xix, 671p. |
| 650 ## - SUBJECT ADDED ENTRY--TOPICAL TERM | |
| Topical term or geographic name as entry element | Fraud |
| 650 ## - SUBJECT ADDED ENTRY--TOPICAL TERM | |
| Topical term or geographic name as entry element | Fraud Prevention |
| 650 ## - SUBJECT ADDED ENTRY--TOPICAL TERM | |
| Topical term or geographic name as entry element | Fraud Investigation |
| 942 ## - ADDED ENTRY ELEMENTS (KOHA) | |
| Source of classification or shelving scheme | Library of Congress Classification |
| Koha item type | General Collection |
| Withdrawn status | Lost status | Source of classification or shelving scheme | Not for loan | Home library | Current library | Date acquired | Cost, normal purchase price | Total Checkouts | Full call number | Barcode | Date last seen | Price effective from | Koha item type |
|---|---|---|---|---|---|---|---|---|---|---|---|---|---|
| Library of Congress Classification | Kabarak, Main Campus | Kabarak, Main Campus | 29/06/2018 | 5795.00 | HV6691 .F73 2009 c.1 | 024998 | 29/06/2018 | 29/06/2018 | General Collection | ||||
| Library of Congress Classification | Kabarak, Main Campus | Kabarak, Main Campus | 29/06/2018 | 5795.00 | HV6691 .F73 2009 c.2 | 024999 | 29/06/2018 | 29/06/2018 | General Collection | ||||
| Library of Congress Classification | Kabarak, Main Campus | Kabarak, Main Campus | 29/06/2018 | 5795.00 | HV6691 .F73 2009 c.3 | 025000 | 29/06/2018 | 29/06/2018 | General Collection | ||||
| Library of Congress Classification | Kabarak, Main Campus | Kabarak, Main Campus | 29/06/2018 | 5795.00 | HV6691 .F73 2009 c.4 | 025001 | 29/06/2018 | 29/06/2018 | General Collection | ||||
| Library of Congress Classification | Kabarak, Main Campus | Kabarak, Main Campus | 29/06/2018 | 5795.00 | HV6691 .F73 2009 c.5 | 025002 | 29/06/2018 | 29/06/2018 | General Collection |